000 01162nam a22001935i 4500
003 OSt
005 20260429092431.0
008 180226s2018 nyu 000 0 eng
020 _a9789811083655
082 _a306.766095 RAN
100 _aRanade Ketki
245 0 0 _aGrowing up gay in urban India :
_ba critical psychosocial perspective /
_cKetki Ranade
264 1 _aNew York :
_bSpringer Berlin Heidelberg,
_c2018.
300 _axvii, 169 p. :
_c24 cm
505 _aTable of Contents Chapter 1 Growing Up Gay: Interrogating Disciplinary Frames.- Chapter 2 Researching Same-Sex Sexuality.- Chapter 3 Exploring Early Years: Childhood & Adolescence of Young Gay And Lesbian Persons.- Chapter 4 Exploring Identity Development & the Symbolic Meaning/s of ‘Coming Out’ in the Process of Identity Work.- Chapter 5 Living life as a queer person: Role of intimate relationships and queer community/s in consolidation of identity.- Chapter 6 Living Life As A Queer Person - Role Of Queer Community/S In Consolidation Of Identity.- Chapter 7 In Lieu of a Conclusion.
650 _aGays - Social Conditions
650 _aGay Culture - India
942 _2ddc
_cBK
999 _c112317
_d112317